| 000 | 01164nam a2200313 a 4500 | ||
|---|---|---|---|
| 001 | 000112886 | ||
| 003 | CHAP | ||
| 005 | 20220329144326.0 | ||
| 008 | 170131s2016 mx sm |||||||spa d | ||
| 010 | _a109347 | ||
| 011 | _a110319 | ||
| 040 | _cCHAP | ||
| 090 | _aTesis | ||
| 100 | 1 |
_aGarcía Cortés, Justino _9131415 |
|
| 245 | 1 | 0 |
_aEstudio hidrogeológico preliminar en la localidad de Ahuatepec del Camino y zona aledaña, municipio de Chalchicomula de Sesma, Puebla _h[En línea] _cpor Justino García Cortés. |
| 260 |
_aChapingo, Méx. : _bEl autor, _c2016. |
||
| 500 | _aPara ver el contenido del material haga clic en la liga | ||
| 502 | _aTesis (Ing. en Irrigación) -- UACH. Departamento de Irrigación | ||
| 590 |
_aE11695DGD _b10 _c20170201 _lUCH01 _h0910 |
||
| 590 |
_aE5765TAJ _b05 _c20170131 _lUCH01 _h1217 |
||
| 590 |
_aE5765TAJ _b05 _c20170131 _lUCH01 _h1217 |
||
| 650 | 1 | 4 |
_aAgua subterranea _xPuebla _92455 |
| 650 | 1 | 4 |
_aAguas subterraneas _xAprovechamiento. _9125654 |
| 650 | 1 | 4 |
_aSuelos _xAnálisis. _9110204 |
| 856 |
_aFinding aid _uhttp://10.13.5.2/tesis/sist112886.pdf _zTeclea aquí |
||
| 901 | _aBK | ||
| 942 | _cTESIS | ||
| 942 | _n0 | ||
| 999 |
_c109347 _d109347 |
||